000 01043nam a2200361 b 4500
001 7535
003 DO-SdBPM
005 20250908124039.0
007 ta
008 060113s2005 sp gr 0001fdspa d
017 _a
_b
020 _a8466316779
035 _a
040 _aDO-SdBPM
_bspa
_cBPMSU
_e rda
082 4 _a863.6
_bU26c 2005
_222
100 1 _aUgarte, Pedro
_d1963-
_eautor
245 1 0 _aCasi inocentes /
_cPedro Ugarte
_h
260 _c
264 _aMadrid :
_bPunto de Lectura,
_c2005
300 _a299 páginas ;
_c18 cm
336 _atexto
_btxt
_2rdacontent
337 _asin mediación
_bn
_2rdamedia
338 _avolumen
_bnc
_2rdacarrier
490 0 _aPunto de lectura ;
_v659/1
586 _aX Premio Lengua de Trapo de Narrativa
590 _aInventariado, 2025/VM
650 7 _aNovela española
650 7 _aPadres e hijos
_vNovela
650 7 _aRelaciones familiares
_vNovela.
830 0 _aPunto de lectura
_v659/1
910 _aVMateo V. Control de calidad. BPMSU
942 _2ddc
_cBK
999 _c10980
_d10980